Online
Catalog

Historia social y económica de la República Dominicana / (Record no. 32867)

MARC details
000 -CABECERA
campo de control de longitud fija 01955nam a2200337 a 4500
001 - NÚMERO DE CONTROL
campo de control 000033376
003 - IDENTIFICADOR DEL NÚMERO DE CONTROL
campo de control OSt
005 - FECHA Y HORA DE LA ÚLTIMA TRANSACCIÓN
campo de control 20240302073950.0
008 - DATOS DE LONGITUD FIJA--INFORMACIÓN GENERAL
campo de control de longitud fija 090819s2009 dr ac 000 0 spa dr
020 ## - NÚMERO INTERNACIONAL ESTÁNDAR DEL LIBRO
Número Internacional Estándar del Libro 999347682X (v.1)
040 ## - FUENTE DE LA CATALOGACIÓN
Centro catalogador/agencia de origen DO-SdBNP
Lengua de catalogación spa
Centro/agencia transcriptor BNPHU
082 #4 - NÚMERO DE LA CLASIFICACIÓN DECIMAL DEWEY
Número de clasificación 330.97293
Número de documento/Ítem C343h
Número de edición 22
100 1# - ENTRADA PRINCIPAL--NOMBRE DE PERSONA
Nombre de persona Cassá, Roberto,
Fechas asociadas al nombre 1948-
9 (RLIN) 10888
245 10 - MENCIÓN DE TÍTULO
Título Historia social y económica de la República Dominicana /
Mención de responsabilidad, etc. Roberto Cassá ; ilustraciones Ramiro Manzano ; fotografias Emilio Cordero Michael y Roberto Cassa.
250 ## - MENCIÓN DE EDICIÓN
Mención de edición ed. aumentada y corregida
260 ## - PUBLICACIÓN, DISTRIBUCIÓN, ETC.
Lugar de publicación, distribución, etc. Santo Domingo :
Nombre del editor, distribuidor, etc. Alfa & Omega,
Fecha de publicación, distribución, etc. 2009
300 ## - DESCRIPCIÓN FÍSICA
Extensión v. :
Otras características físicas il., retrs. ;
Dimensiones 27 cm.
500 ## - NOTA GENERAL
Nota general La biblioteca posee la reimpresión del 2013.
500 ## - NOTA GENERAL
Nota general
504 ## - NOTA DE BIBLIOGRAFÍA, ETC.
Nota de bibliografía, etc. Bibliografía : p. 345-352
505 0# - NOTA DE CONTENIDO CON FORMATO
Nota de contenido con formato El territorio dominicano y su poblamiento -- Antecedentes europeos -- España medieval -- África occidental en los albores de la época moderna -- Los pobladores aborígenes -- Colón y la conquista española -- La encomienda -- Decadencia de la encomienda y tránsito de la agropecuaria -- La industria azucarera -- Economía y sociedad en el siglo XVI -- La depresión prolongada del siglo XVII -- Recuperación del siglo XVIII -- El hato ganadero y los fundamentos del campesinado -- Cambios en las condiciones internacionales -- Crisis del orden colonial -- El precario retorno de la soberanía española -- La ocupación haitiana.
590 ## - NOTA LOCAL (RLIN)
Nota local Inventariado 2020 /VM
651 #4 - PUNTO DE ACCESO ADICIONAL DE MATERIA--NOMBRE GEOGRÁFICO
Nombre geográfico República Dominicana
Subdivisión general Condiciones Económicas
-- Historia
9 (RLIN) 1210
651 #4 - PUNTO DE ACCESO ADICIONAL DE MATERIA--NOMBRE GEOGRÁFICO
Nombre geográfico República Dominicana
Subdivisión general Condiciones Sociales
-- Historia
9 (RLIN) 1211
651 #4 - PUNTO DE ACCESO ADICIONAL DE MATERIA--NOMBRE GEOGRÁFICO
Nombre geográfico República Dominicana
Subdivisión general Población
-- Historia
9 (RLIN) 1456
700 1# - PUNTO DE ACCESO ADICIONAL--NOMBRE DE PERSONA
Nombre de persona Manzano, Ramiro,
Término indicativo de función/relación il.
9 (RLIN) 768
700 1# - PUNTO DE ACCESO ADICIONAL--NOMBRE DE PERSONA
Nombre de persona Cordero Michael, Emilio,
Término indicativo de función/relación fot.
9 (RLIN) 81563
700 1# - PUNTO DE ACCESO ADICIONAL--NOMBRE DE PERSONA
Nombre de persona Cassá, Roberto,
Término indicativo de función/relación fot.
9 (RLIN) 81564
910 ## - DATOS DE OPCIÓN DEL USUARIO (OCLC)
Datos de opción del usuario VMateo /Validado. Control de calidad MFF
942 ## - ELEMENTOS DE PUNTO DE ACCESO ADICIONAL (KOHA)
Fuente del sistema de clasificación o colocación Dewey Decimal Classification
Tipo de ítem Koha Libro
Holdings
Estado de retiro Estado de pérdida Fuente del sistema de clasificación o colocación Restricciones de uso No para préstamo Código de colección Localización permanente Ubicación/localización actual Ubicación en estantería Fecha de adquisición Fuente de adquisición Información codificada de la localización en otra ubicación Número de inventario Total de préstamos Signatura topográfica completa Código de barras En préstamo Fecha visto por última vez Fecha del último préstamo Número de copia Precio válido a partir de Tipo de ítem Koha Nota pública
    Dewey Decimal Classification Préstamo restringido   Patrimonio Dominicano Biblioteca Nacional Pedro Henríquez Ureña Biblioteca Nacional Pedro Henríquez Ureña Depósito 25.08.2011 Depósito Legal 2 BNPHU PD 330.97293 C343h 33376-10 30.08.2022 30.08.2022 30.08.2022 v.1 25.06.2020 Libro
    Dewey Decimal Classification Préstamo restringido   Patrimonio Dominicano Biblioteca Nacional Pedro Henríquez Ureña Biblioteca Nacional Pedro Henríquez Ureña Depósito 11.06.2018 Depósito Legal     BNPHU PD 330.97293 C343h 33376-20   25.06.2020   v.1, e.2 25.06.2020 Libro  
    Dewey Decimal Classification Préstamo en sala   Dominicana de Servicio Biblioteca Nacional Pedro Henríquez Ureña Biblioteca Nacional Pedro Henríquez Ureña Depósito 11.06.2018 Depósito Legal     BNPHU DS 330.97293 C343h 33376-30   25.06.2020   v.1, e.3 25.06.2020 Libro  
    Dewey Decimal Classification Préstamo en sala   Dominicana de Servicio Biblioteca Nacional Pedro Henríquez Ureña Biblioteca Nacional Pedro Henríquez Ureña Depósito 11.06.2018 Depósito Legal     BNPHU DS 330.97293 C343h 33376-40   25.06.2020   v.1, e. 4 25.06.2020 Libro  
    Dewey Decimal Classification Préstamo en sala   Dominicana de Servicio Biblioteca Nacional Pedro Henríquez Ureña Biblioteca Nacional Pedro Henríquez Ureña Depósito 11.06.2018 Depósito Legal     BNPHU DS 330.97293 C343h 33376-50   25.06.2020   v.1, e.5 25.06.2020 Libro

Powered by Koha